00313nam a2200121Ia 4500008004100000041001200041082001600053100001900069245004500088260003400133300000800167650001600175221030s9999 xx 000 0 und d aEnglish a105.23bSub aN. Subramanian 0aFortran Self - Taughtcby N. Subramanian bWheeler Pub.aNew Delhic1990 a226 aBE Computer